| 000 | 01147nam0a22002531 4500 | ||
|---|---|---|---|
| 001 | rc\1147870 | ||
| 005 | 20041129084533.8 | ||
| 035 | _a(NLR Aleph) 006393662 | ||
| 090 |
_a5172695 _c5172695 |
||
| 100 | _a20041129d1980 u |0rusy50 ca | ||
| 101 | 0 | _arus | |
| 102 | _aRU | ||
| 105 | _aa ||||||||| | ||
| 200 | 1 |
_aМетодическая разработка "Изучение свойств ферромагнитных материалов" _eТ7-4 _fМ-во высш. и сред. спец. образования РСФСР, З-д-втуз при Моск. автозаводе им. И.А. Лихачева. Каф. "Физика" _g[Сост. преп. к. ф.-м. н. Голынский С.М.] |
|
| 210 |
_aМ. _cБ. и. _d1980 |
||
| 215 |
_a16 с. _cил. _d21 |
||
| 320 | _aБиблиогр.: с. 16 | ||
| 702 | 1 |
_aГолынский _bС. М. _gСергей Моисеевич _4220 |
|
| 712 | 0 | 2 |
_aМосковский автомобильный з-д им. И.А.Лихачева _bЗавод-втуз _3RU\NLR\AUTH\889937326 |
| 801 | 0 |
_aRU _bNLR _gpsbo |
|
| 801 | 1 |
_aRU _bELAR _2rusmarc |
|
| 852 |
_aNLR _j80-4/9841 |
||
| 942 | _cBOOK | ||
| 980 | _aNB | ||